Guess the random Taylor Swift Song Lyrics 145 - Statistics

General Stats
  • This quiz has been taken 34 times
  • The average score is 259 of 396
Answer Stats
Answer % Correct
we
100%
a
96%
I
96%
(I)
96%
me
96%
me)
96%
the
96%
you
96%
You
96%
(you
96%
And
93%
be
93%
do
93%
it
93%
it"
93%
to
93%
all
89%
on
89%
don't
86%
(don't)
86%
no
86%
But
82%
but
82%
I'm
82%
like
82%
Like
82%
(Like
82%
your
82%
Can
79%
can
79%
for
79%
in
79%
my
79%
My
79%
so
79%
that
79%
was
79%
what
79%
are
75%
Are
75%
at
75%
is
75%
it's
75%
(it's
75%
(It's
75%
of
75%
This
75%
this
75%
by
71%
can't
71%
(can't)
71%
time
71%
just
68%
did
64%
saw
64%
would
64%
been
61%
never
61%
Now
61%
oh
61%
One
61%
have
57%
I've
57%
could've
54%
down
54%
down)
54%
out
54%
thing
54%
beach
50%
beach)
50%
beautiful
50%
comin'
50%
(Comin'
50%
feels
50%
from
50%
fuckin'
50%
make
50%
night
50%
snow
50%
(Snow
50%
(snow
50%
tonight
50%
dream
46%
dream)
46%
Flying
46%
flying
46%
(flying
46%
(Flying
46%
impossible
46%
wanting
46%
Weird
46%
won
46%
might
43%
once
43%
pocketful
43%
real
43%
stars
43%
'til
43%
'Til
43%
even
39%
falling
39%
thanks
39%
true
39%
around
36%
asking
36%
eyes
36%
"fake
36%
Janet
36%
Life
36%
lights
36%
Passing
36%
screen
36%
searched
36%
seen
36%
smile
36%
stop
36%
wish
36%
ago
32%
another
32%
aurora
32%
borealis
32%
contest
32%
dishonest
32%
few
32%
green
32%
hide
32%
moons
32%
quite
32%
someone
32%
abusive
29%
awful
29%
Blurring
29%
emotionally
29%
fine
29%
flight
29%
periphery
29%
planet
29%
scene
29%
sound
29%
unglued
29%
within
29%
afraid
25%
dare
25%
flecks
25%
jinx
25%
lit
25%
saucers
25%
speak
25%
unbeknownst
25%
No matching quizzes found
Score Distribution
Percent of People with Each Score
Percentile by Number Answered
Your Score History
You have not taken this quiz